000 01015nam a22002297a 4500
999 _c7149
_d7149
003 GBCCL
005 20241126110621.0
008 180119b xxu||||| |||| 00| 0 eng d
020 _a0955000718
040 _cgbc
082 _a266
_bLAU
110 _aLausanne Committee for World Evangelization.
_911009
245 _aThe New People Next Door:
_bA Call to Seize the Opportunities
_cLausanne Committee for World Evangelization.
260 _aThailand:
_bSouth Asian Concern for the Issue Group on Diaspora and International Students,
_c2005
300 _a109 p.;
_bill.,
_c22 cm.
440 _aLausanne occasional paper, 55.
_911010
505 _a"This occasional paper was prepared by the whole Issue Group and the principal writers were Tom Houston, Robin Thomson, Ram Gidoomal and leiton Chinn."--Title page verso.
650 _aMissions -- Theory -- Congresses.
_911011
650 _aEvangelistic work -- Congresses.
_911012
650 _aChristianity and culture -- Congresses.
_911013
942 _2ddc
_cBK
_02